| 000 | 00822nam a2200217Ia 4500 | ||
|---|---|---|---|
| 005 | 20241129110023.0 | ||
| 008 | 241129s9999||||xx |||||||||||||| ||und|| | ||
| 020 | _a978-81-8315-481-9 | ||
| 037 | _aTB | ||
| 040 |
_aARTS _bsan _cARTS |
||
| 041 |
_asan _2Pali |
||
| 084 |
_aO1511,1(P:75)x 15R3 _qARTS |
||
| 100 | _aशर्मा, सत्यप्रकाश, संपा. | ||
| 245 | 0 |
_aवुत्तोदयप्पकरणं _cशर्मा, सत्यप्रकाश, संपा. |
|
| 260 |
_aदिल्ली, भारत _bन्यू भारतीय बुक कॉरपोरेशन _c2023 |
||
| 300 | _a216पृ0 | ||
| 365 |
_aINR _b600 |
||
| 650 |
_aPali LiteraturePoetryLinguistics _9726909 |
||
| 942 |
_cTB _hO1511,1(P:75)x 15R3 |
||
| 999 |
_c1227021 _d1227021 |
||